| 000 | 00000nas##2200000za#4500 |
| 001 | 9.510004 |
| 003 | CaOODSP |
| 005 | 20210305155318 |
| 007 | ta |
| 008 | 150406c1991||||xxc|| p #||||f| |0eng|d |
| 022 | |a0576-3096 |
| 040 | |aCaOODSP|beng |
| 041 | |aeng |
| 041 | |afre |
| 043 | |an-cn--- |
| 086 | 1 |aXC12-343/1 |
| 110 | 1 |aCanada.|bHouse of Commons. |bStanding Committee on Agriculture. |
| 245 | 10|aStanding Committee on Agriculture, minutes of proceedings and evidence / |cChairman: Mr. Harry Brightwell. |
| 260 | |bHouse of Commons. |
| 310 | |aIrregular |
| 362 | 1 |a3rd session, 34th parliament, 40-42 Elizabeth II, 1991-1993 |
| 546 | |aBilingual |
| 792 | |tComité permanent de l'agriculture, procès-verbaux et témoignages / |efre|w(CaOODSP)9.510005 |